Les "jeunes de la cité"/ Joe͏̈lle Bordet

Guardado en:  
Detalles Bibliográficos
Autor principal: Bordet, Joe͏̈lle (Autor)
Tipo de documento: Print Libro
Lenguaje:Francés
Publicado: Paris Presses Universitaires de France 1998
En:Año: 1998
Edición:1. éd.
Acceso en línea: Índice
Disponibilidad en Tübingen:Disponible en Tübingen.
UB: KB 19 A 7100
Verificar disponibilidad: HBZ Gateway
Servicio de pedido Subito: Pedir ahora.
Palabras clave:

MARC

LEADER 00000cam a2200000 c 4500
001 249445980
003 DE-627
005 20251222211025.0
007 tu
008 980930s1998 fr ||||| t 00| ||fre c
010 |a  98182662  
020 |a 2130492711  |9 2-13-049271-1 
035 |a (DE-627)249445980 
035 |a (DE-576)074048953 
035 |a (DE-599)GBV249445980 
035 |a (OCoLC)246029751 
035 |a (OCoLC)39653758 
035 |a (DE-615)00635098 
040 |a DE-627  |b ger  |c DE-627  |e rakwb 
041 |a fre 
044 |c XA-FR 
082 0 |a 305.2350944361 
082 0 |a 0905 
082 0 |a 0904 
082 0 |a 944 
082 0 |a 305 
082 0 |a 305.235/0944/361 
084 |a RA04.06  |2 fivr 
084 |a SG02.02  |2 fivs 
084 |a 71.35  |2 bkl 
100 1 |a Bordet, Joe͏̈lle  |4 aut 
245 1 4 |a Les "jeunes de la cité"/ Joe͏̈lle Bordet 
250 |a 1. éd. 
264 1 |a Paris  |b Presses Universitaires de France  |c 1998 
300 |a XI, 232 S 
336 |a Text  |b txt  |2 rdacontent 
337 |a ohne Hilfsmittel zu benutzen  |b n  |2 rdamedia 
338 |a Band  |b nc  |2 rdacarrier 
490 0 |a Le sociologe 
583 1 |a Archivierung prüfen  |c 20200919  |f DE-640  |z 2  |2 pdager 
650 0 7 |0 (DE-588)4022378-4  |0 (DE-627)106309234  |0 (DE-576)208943307  |a Gruppe  |2 gnd 
650 0 7 |0 (DE-588)4028859-6  |0 (DE-627)104419199  |0 (DE-576)208979859  |a Jugend  |2 gnd 
650 0 7 |0 (DE-588)4138964-5  |0 (DE-627)105638757  |0 (DE-576)209690445  |a Stadtbevölkerung  |2 gnd 
650 0 7 |0 (DE-588)4079583-4  |0 (DE-627)10480856X  |0 (DE-576)209213140  |a Zwischenmenschliche Beziehung  |2 gnd 
650 0 7 |0 (DE-588)4114114-3  |0 (DE-627)104151838  |0 (DE-576)209482001  |a Jugendkultur  |2 gnd 
650 0 7 |0 (DE-588)4138354-0  |0 (DE-627)10415151X  |0 (DE-576)209685336  |a Lebensstil  |2 gnd 
650 0 7 |0 (DE-588)4055783-2  |0 (DE-627)104675101  |0 (DE-576)209115386  |a Sozialisation  |2 gnd 
651 7 |0 (DE-588)4018145-5  |0 (DE-627)106327232  |0 (DE-576)208922857  |a Frankreich  |2 gnd 
655 7 |a Forschungsbericht  |0 (DE-588)4155043-2  |0 (DE-627)10467444X  |0 (DE-576)209815833  |2 gnd-content 
856 4 2 |u http://www.gbv.de/dms/hbz/toc/ht010502560.pdf  |m V:DE-605  |q pdf/application  |v 2008-11-15  |x Verlag  |y Inhaltsverzeichnis  |3 Inhaltsverzeichnis  |7 1 
936 b k |a 71.35  |j Kindersoziologie  |j Jugendsoziologie  |0 (DE-627)106412698 
936 f i |0 (DE-627)1756131651  |a RA04.06  |b Frankreich  |k Europa  |k Westeuropa  |k Frankreich  |2 fivr 
936 f i |0 (DE-627)1756135932  |a SG02.02  |b Gesellschaftliche Gruppen  |k Gesellschaft  |k Gesellschaftsentwicklung/Gesellschaftsstruktur  |k Gesellschaftliche Gruppen  |2 fivs 
936 f i |a ZGF331  |b Gesellschaftliche Gruppen  |k Gesellschaftliche Gruppen  |q DE-Lg3  |2 fivw 
936 f i |a ZGF350  |b Wohnung, Siedlung, Urbanisierung  |k Wohnung, Siedlung, Urbanisierung  |q DE-Lg3  |2 fivw 
938 1 0 |0 (DE-627)1756240612  |0 (DE-615)6609431  |a Soziale Gruppe  |2 fivt 
938 1 0 |0 (DE-627)1756151512  |0 (DE-615)6603091  |a Jugendliche/Junge Menschen  |2 fivt 
938 1 0 |0 (DE-627)1756180091  |0 (DE-615)6604499  |a Stadtbevölkerung  |2 fivt 
938 1 0 |0 (DE-627)1756191085  |0 (DE-615)6607463  |a Soziale Beziehungen  |2 fivt 
938 1 0 |0 (DE-627)1756242143  |0 (DE-615)6604465  |a Jugendkultur  |2 fivt 
938 1 0 |0 (DE-627)1756181810  |0 (DE-615)6606376  |a Lebensweise/Lebensstil  |2 fivt 
938 1 0 |0 (DE-627)1756222428  |0 (DE-615)6608218  |a Sozialisation  |2 fivt 
938 1 0 |0 (DE-627)1756148325  |0 (DE-615)6603106  |a Frankreich  |2 fivt 
938 1 1 |0 (DE-627)1756239452  |0 (DE-615)6609378  |a Persönliche Beziehungen/Kontakte  |2 fiva 
938 1 1 |0 (DE-627)1756182671  |0 (DE-615)6604966  |a Gruppenverhalten  |2 fiva 
938 1 1 |0 (DE-627)1756179670  |0 (DE-615)6604529  |a Jugendbande  |2 fiva 
938 1 1 |0 (DE-627)175616598X  |0 (DE-615)6601849  |a Rollenverständnis gesellschaftlicher Gruppen  |2 fiva 
938 1 1 |0 (DE-627)1756236631  |0 (DE-615)6607032  |a Sozialer Status  |2 fiva 
938 1 1 |0 (DE-627)1756211302  |0 (DE-615)6605394  |a Soziales Leitbild  |2 fiva 
938 1 1 |0 (DE-627)1756182078  |0 (DE-615)6608477  |a Sozialer Einfluss  |2 fiva 
938 1 1 |0 (DE-627)1756217343  |0 (DE-615)6604958  |a Soziokultureller Wandel  |2 fiva 
938 1 1 |0 (DE-627)1756237549  |0 (DE-615)6608517  |a Soziale Differenzierung  |2 fiva 
938 1 1 |0 (DE-627)1756191557  |0 (DE-615)6609178  |a Generationenbeziehungen  |2 fiva 
938 1 1 |0 (DE-627)1756163995  |0 (DE-615)6601937  |a Soziales Verhalten  |2 fiva 
938 1 1 |0 (DE-627)1756238820  |0 (DE-615)6605710  |a Abweichendes Verhalten  |2 fiva 
938 1 1 |0 (DE-627)1756237662  |0 (DE-615)6604862  |a Verhaltensmuster  |2 fiva 
951 |a BO 
ELC |b 1 
LOK |0 000 xxxxxcx a22 zn 4500 
LOK |0 001 3076501267 
LOK |0 003 DE-627 
LOK |0 004 249445980 
LOK |0 005 19990218000000 
LOK |0 008 990218||||||||||||||||ger||||||| 
LOK |0 040   |a DE-21  |c DE-627  |d DE-21 
LOK |0 852   |a DE-21 
LOK |0 852 1  |c KB 19 A 7100  |9 00 
LOK |0 935   |a krim 
LOK |0 936ln  |a k7.3.2.2 
LOK |0 939   |a 18-02-99  |b l01 
ORI |a SA-MARC-krimdoka001.raw 
SIG |a UB: KB 19 A 7100